[Event "CZE-chT2F 1617"]
[Site "Czech Republic"]
[Date "2017.03.19"]
[Round "10.4"]
[White "Sveda, Jiri"]
[Black "Kostka, Vit"]
[Result "1/2-1/2"]
[WhiteElo "1924"]
[BlackElo "2112"]
[PlyCount "88"]
[EventDate "2016.10.09"]
[EventType "team-tourn"]
[EventRounds "11"]
[EventCountry "CZE"]
[SourceTitle "EXT 2022"]
[Source "ChessBase"]
[SourceDate "2021.10.06"]
[SourceVersion "1"]
[SourceVersionDate "2021.10.06"]
[SourceQuality "1"]
[WhiteTeam "Unicov"]
[BlackTeam "Orlova Slavia"]
[WhiteTeamCountry "CZE"]
[BlackTeamCountry "CZE"]

1. e4 c5 2. Nf3 d6 3. c3 Nf6 4. Bc4 Nc6 5. d3 g6 6. h3 Bg7 7. 0-0 0-0 8. Bb3 Qc7 9. Re1 Bd7 10. Nbd2 b5 11. Nf1 e6 12. Bg5 Rab8 13. Rc1 Na5 14. Bc2 b4 15. cxb4 Rxb4 16. b3 Nc6 17. Bb1 Ne8 18. Bd2 Rb7 19. Bc3 Bxc3 20. Rxc3 Qa5 21. Qd2 Nc7 22. Rec1 Nb5 23. Qh6 f6 24. Rc4 Ncd4 25. Nxd4 Nxd4 26. Ng3 e5 27. Qe3 Bb5 28. R4c3 Ne6 29. Ne2 Qb4 30. R3c2 Nd4 31. Nxd4 Qxd4 32. Qxd4 exd4 33. Rb2 a5 34. Bc2 Ba6 35. Kf1 f5 36. Re1 Re7 37. exf5 Rxe1+ 38. Kxe1 Rxf5 39. Rb1 Re5+ 40. Kd2 Kf7 41. Bd1 Re8 42. Bf3 Kf6 43. Bd5 Re5 44. Bf3 Re8 1/2-1/2

[Event "CZE-chT2F 1617"]
[Site "Czech Republic"]
[Date "2017.01.15"]
[Round "6.3"]
[White "Stepan, Patrik"]
[Black "Sveda, Jiri"]
[Result "1-0"]
[WhiteElo "2110"]
[BlackElo "1924"]
[PlyCount "117"]
[EventDate "2016.10.09"]
[EventType "team-tourn"]
[EventRounds "11"]
[EventCountry "CZE"]
[SourceTitle "EXT 2022"]
[Source "ChessBase"]
[SourceDate "2021.10.06"]
[SourceVersion "1"]
[SourceVersionDate "2021.10.06"]
[SourceQuality "1"]
[WhiteTeam "Dobra"]
[BlackTeam "Unicov"]
[WhiteTeamCountry "CZE"]
[BlackTeamCountry "CZE"]

1. d4 e6 2. c4 f5 3. g3 Nf6 4. Bg2 c6 5. Nf3 Be7 6. 0-0 0-0 7. b3 d6 8. Bb2 Bd7 9. Qc2 Be8 10. Rd1 Na6 11. a3 Nc7 12. Nfd2 Bh5 13. Re1 Qd7 14. b4 Rae8 15. Nb3 Ne4 16. N1d2 Nxd2 17. Qxd2 Bf6 18. Na5 Rb8 19. Rac1 d5 20. Rc2 h6 21. Nb3 Ne8 22. Nc5 Qe7 23. Qe3 Bf7 24. cxd5 cxd5 25. Nd3 Nd6 26. Ne5 Bxe5 27. dxe5 Nc4 28. Qxa7 Nxb2 29. Rxb2 Ra8 30. Qe3 Rfc8 31. Rb3 Rc4 32. Rc1 Rac8 33. Rbc3 b5 34. Qd2 Qc7 35. Rxc4 bxc4 36. Qc3 Be8 37. e3 Ba4 38. Bf3 Ra8 39. Bd1 Qa7 40. Bxa4 Qxa4 41. Ra1 Kf7 42. Kf1 g5 43. f3 Rd8 44. Ke1 Qc6 45. Qd4 Qa4 46. Kd2 Rc8 47. Qc3 Rc7 48. Kc1 Ke7 49. Kb2 Ra7 50. Qc2 Qb5 51. g4 Qd7 52. Rd1 Qc8 53. gxf5 Qa6 54. f6+ Kd8 55. Ra1 c3+ 56. Qxc3 Qe2+ 57. Qc2 Qxf3 58. Rc1 Ke8 59. Qg6+ 1-0

[Event "Nachod op 9th"]
[Site "Nachod"]
[Date "2011.07.09"]
[Round "8"]
[White "Sveda, Jiri"]
[Black "Cvejn, Jaroslav"]
[Result "1-0"]
[WhiteElo "1939"]
[BlackElo "1737"]
[PlyCount "91"]
[EventDate "2011.07.02"]
[EventType "swiss"]
[EventRounds "9"]
[EventCountry "CZE"]
[SourceTitle "EXT 2012"]
[Source "ChessBase"]
[SourceDate "2011.11.24"]
[SourceVersion "1"]
[SourceVersionDate "2011.11.24"]
[SourceQuality "1"]

1. e4 d5 2. exd5 Qxd5 3. Nc3 Qa5 4. d4 Nf6 5. Bd3 c6 6. Bd2 Qc7 7. Nge2 Bg4 8. f3 Bh5 9. Bf4 Qb6 10. Qd2 Nbd7 11. Na4 Qd8 12. c4 Nb6 13. Nc5 Qc8 14. Ng3 e6 15. Nce4 Nxe4 16. Nxe4 Qd8 17. c5 Nc8 18. Qc3 Bg6 19. 0-0-0 Be7 20. Kb1 0-0 21. g4 f5 22. gxf5 Bxf5 23. Be5 Bxe4 24. Bxe4 Bf6 25. Qb3 Qe7 26. f4 Bxe5 27. fxe5 Rb8 28. Rhg1 Kh8 29. Qh3 h6 30. Rg6 Rf7 31. Rdg1 Qf8 32. Rxe6 Ne7 33. a3 Ng8 34. Bc2 Rf3 35. Qg2 Rf2 36. Qg6 Rxc2 37. Qxc2 b6 38. Rxc6 bxc5 39. Rxc5 Ne7 40. Rc1 Rd8 41. Qc4 Qf5+ 42. Ka2 Qg4 43. d5 Qxc4+ 44. R1xc4 Rxd5 45. Rxd5 Nxd5 46. Rd4 1-0

[Event "CZE-chT2F 1011"]
[Site "Czech Republic"]
[Date "2011.03.06"]
[Round "9.5"]
[White "Sveda, Jiri"]
[Black "Didi, Jan"]
[Result "0-1"]
[WhiteElo "1952"]
[BlackElo "2037"]
[PlyCount "110"]
[EventDate "2010.10.17"]
[EventType "team-tourn"]
[EventRounds "11"]
[EventCountry "CZE"]
[SourceTitle "EXT 2012"]
[Source "ChessBase"]
[SourceDate "2011.11.24"]
[SourceVersion "1"]
[SourceVersionDate "2011.11.24"]
[SourceQuality "1"]
[WhiteTeam "Unicov"]
[BlackTeam "Ostrava Mittal II"]
[WhiteTeamCountry "CZE"]
[BlackTeamCountry "CZE"]

1. e4 c5 2. Nf3 e6 3. d3 d5 4. Qe2 Nc6 5. c3 dxe4 6. dxe4 e5 7. g3 Nf6 8. Bg2 Be7 9. 0-0 0-0 10. h3 h6 11. Na3 Be6 12. Nh4 a6 13. Rd1 Qc7 14. Nf5 Rfd8 15. Be3 Rxd1+ 16. Qxd1 Rd8 17. Qc1 Bf8 18. g4 Qd7 19. Nc2 Bxf5 20. gxf5 Kh7 21. Ne1 g6 22. fxg6+ fxg6 23. Qc2 Nh5 24. Nf3 g5 25. Nh2 Nf4 26. Bxf4 gxf4 27. Qb3 b5 28. Qd5 Qxd5 29. exd5 Nb8 30. a4 b4 31. cxb4 cxb4 32. Rc1 Bd6 33. Be4+ Kg7 34. Bf5 Kf6 35. Be4 h5 36. Nf3 Nd7 37. Rc6 Nc5 38. Bc2 e4 39. Nd2 Ke5 40. Rb6 a5 41. Rb5 e3 42. fxe3 fxe3 43. Nc4+ Kd4 44. Nxd6 Rxd6 45. Rxa5 Rxd5 46. Kf1 Rd6 47. b3 Rf6+ 48. Ke1 Rf2 49. Bg6 Rg2 50. Bh7 e2 51. Ra7 Nxb3 52. a5 Nc1 53. Rd7+ Kc5 54. Rc7+ Kb5 55. Re7 Rg1+ 0-1

[Event "CZE-chT2F 1011"]
[Site "Czech Republic"]
[Date "2011.02.20"]
[Round "8.6"]
[White "Sveda, Jiri"]
[Black "Fargac, Martin"]
[Result "0-1"]
[WhiteElo "1952"]
[BlackElo "1887"]
[PlyCount "52"]
[EventDate "2010.10.17"]
[EventType "team-tourn"]
[EventRounds "11"]
[EventCountry "CZE"]
[SourceTitle "EXT 2012"]
[Source "ChessBase"]
[SourceDate "2011.11.24"]
[SourceVersion "1"]
[SourceVersionDate "2011.11.24"]
[SourceQuality "1"]
[WhiteTeam "Unicov"]
[BlackTeam "Trinec III"]
[WhiteTeamCountry "CZE"]
[BlackTeamCountry "CZE"]

1. e4 e5 2. Nf3 Nc6 3. c3 Nf6 4. d4 exd4 5. e5 Nd5 6. Bb5 Be7 7. cxd4 0-0 8. Nc3 Nxc3 9. bxc3 d6 10. h3 dxe5 11. Bxc6 bxc6 12. Nxe5 Ba6 13. Nxc6 Qe8 14. Nxe7+ Qxe7+ 15. Be3 Qe4 16. Qf3 Qd3 17. Rc1 Rfe8 18. c4 Bxc4 19. Rxc4 Qxc4 20. Qe2 Qc3+ 21. Kf1 Rab8 22. Kg1 Qxd4 23. Qc2 Qe5 24. g3 Rb2 25. Qa4 h6 26. Qxa7 Qe4 0-1

[Event "CZE-chT2F 1011"]
[Site "Czech Republic"]
[Date "2011.01.09"]
[Round "5.5"]
[White "Sveda, Jiri"]
[Black "Beran, Petr"]
[Result "1/2-1/2"]
[WhiteElo "1952"]
[BlackElo "2130"]
[PlyCount "75"]
[EventDate "2010.10.17"]
[EventType "team-tourn"]
[EventRounds "11"]
[EventCountry "CZE"]
[SourceTitle "EXT 2012"]
[Source "ChessBase"]
[SourceDate "2011.11.24"]
[SourceVersion "1"]
[SourceVersionDate "2011.11.24"]
[SourceQuality "1"]
[WhiteTeam "Unicov"]
[BlackTeam "Havirov"]
[WhiteTeamCountry "CZE"]
[BlackTeamCountry "CZE"]

1. e4 c6 2. c4 d5 3. exd5 cxd5 4. cxd5 Nf6 5. Bb5+ Bd7 6. Bc4 g6 7. Nf3 Bg7 8. 0-0 0-0 9. Nc3 Bg4 10. h3 Bxf3 11. Qxf3 Nbd7 12. d6 Ne5 13. Qxb7 Qxd6 14. Be2 Rfb8 15. Qa6 Rb6 16. Qa4 Rb4 17. Qc2 Rc8 18. b3 Rbb8 19. Bb2 Nc6 20. Nb5 Nd4 21. Bxd4 Rxc2 22. Nxd6 Rxd2 23. Bxf6 Bxf6 24. Ne4 Rxe2 25. Nxf6+ exf6 26. Rfe1 Rc2 27. Re7 a5 28. Ra7 Rb5 29. g4 Rd5 30. Re1 Rdd2 31. Ree7 Rxf2 32. Rxf7 Rg2+ 33. Kf1 Rgf2+ 34. Ke1 Rfe2+ 35. Kf1 Rf2+ 36. Ke1 Rxa2 37. Rg7+ Kf8 38. Rgf7+ 1/2-1/2

[Event "CZE-chT2F 1011"]
[Site "Czech Republic"]
[Date "2010.11.07"]
[Round "2.7"]
[White "Vitasek, Jan"]
[Black "Sveda, Jiri"]
[Result "1-0"]
[WhiteElo "2056"]
[BlackElo "1952"]
[PlyCount "143"]
[EventDate "2010.10.17"]
[EventType "team-tourn"]
[EventRounds "11"]
[EventCountry "CZE"]
[SourceTitle "EXT 2012"]
[Source "ChessBase"]
[SourceDate "2011.11.24"]
[SourceVersion "1"]
[SourceVersionDate "2011.11.24"]
[SourceQuality "1"]
[WhiteTeam "Benesov"]
[BlackTeam "Unicov"]
[WhiteTeamCountry "CZE"]
[BlackTeamCountry "CZE"]

1. e4 c5 2. f4 e6 3. Nf3 Nc6 4. c3 d5 5. e5 Nh6 6. d3 Be7 7. Be2 Nf5 8. 0-0 h5 9. Na3 g6 10. Nc2 Qb6 11. Qe1 Bd7 12. a3 0-0-0 13. Rb1 h4 14. Qf2 d4 15. Nd2 Be8 16. c4 a5 17. b3 f6 18. exf6 Bxf6 19. Ne4 Be7 20. Bd2 Rf8 21. Qe1 Bd7 22. Bf3 Rde8 23. Ng5 Bf6 24. b4 cxb4 25. axb4 e5 26. Ne4 exf4 27. Bxf4 Ne5 28. bxa5 Qc7 29. Nb4 Bc6 30. Nxc6 Qxc6 31. Rb6 Qc7 32. Qb1 Nxf3+ 33. Rxf3 Be5 34. Bxe5 Rxe5 35. Nd6+ Kd8 36. Nxb7+ Ke8 37. Qb4 Re7 38. Nc5 Qe5 39. Ne4 Kf7 40. a6 Kg7 41. Rb7 Rxb7 42. axb7 Rb8 43. Qb6 Qe7 44. Qc5 Rxb7 45. Qxe7+ Rxe7 46. g4 hxg3 47. hxg3 Ra7 48. g4 Ra1+ 49. Kh2 Ne3 50. Nf2 g5 51. Kh3 Ra3 52. Rg3 Ra1 53. Rf3 Ra3 54. c5 Nd5 55. Kg3 Ne3 56. Ne4 Rxd3 57. Nxg5 Rd2 58. c6 Nd5 59. Ne6+ Kg6 60. Rf5 Ne7 61. c7 Rc2 62. Rc5 d3 63. Nf4+ Kf6 64. Nxd3 Rd2 65. Nf4 Nc8 66. g5+ Kg7 67. Kg4 Rd6 68. Kf5 Rd7 69. Ne6+ Kf7 70. g6+ Kg8 71. Ra5 Nb6 72. Ra8+ 1-0

[Event "Tabor op"]
[Site "Tabor"]
[Date "2008.07.27"]
[Round "1"]
[White "Hasangatin, Ramil"]
[Black "Sveda, Jiri"]
[Result "1-0"]
[WhiteElo "2485"]
[BlackElo "1970"]
[PlyCount "65"]
[EventDate "2008.07.26"]
[EventType "swiss"]
[EventRounds "9"]
[EventCountry "CZE"]
[SourceTitle "CBM 125 Extra"]
[Source "ChessBase"]
[SourceDate "2008.09.01"]
[SourceVersion "1"]
[SourceVersionDate "2008.09.01"]
[SourceQuality "1"]

1. e4 e6 2. d3 d5 3. Qe2 Be7 4. Nf3 c5 5. g3 Nc6 6. Bg2 Nf6 7. 0-0 0-0 8. e5 Ne8 9. c4 b6 10. Nc3 Nc7 11. Bf4 Bb7 12. Rad1 Qe8 13. h4 h6 14. b3 Rd8 15. Rfe1 Bc8 16. Nb1 Na6 17. Nbd2 Nab4 18. Nf1 f5 19. exf6 Bxf6 20. a3 Bc3 21. axb4 Bxe1 22. Rxe1 cxb4 23. N1h2 Qg6 24. Ne5 Nxe5 25. Bxe5 Bb7 26. h5 Qf7 27. Bf4 Rfe8 28. Ng4 dxc4 29. dxc4 Bxg2 30. Kxg2 Qd7 31. Ne5 Qb7+ 32. Kg1 a5 33. Qg4 1-0

[Event "Tabor op"]
[Site "Tabor"]
[Date "2007.08.01"]
[Round "5"]
[White "Gutman, Petr"]
[Black "Sveda, Jiri"]
[Result "1/2-1/2"]
[WhiteElo "2172"]
[BlackElo "1928"]
[PlyCount "120"]
[EventDate "2007.07.29"]
[EventType "swiss"]
[EventRounds "9"]
[EventCountry "CZE"]
[SourceTitle "EXT 2009"]
[Source "ChessBase"]
[SourceDate "2008.11.26"]
[SourceVersion "1"]
[SourceVersionDate "2008.11.26"]
[SourceQuality "1"]

1. c4 f5 2. Nc3 Nf6 3. g3 e6 4. Bg2 d5 5. cxd5 exd5 6. d4 c6 7. Nh3 Bd6 8. 0-0 0-0 9. Rb1 Qe7 10. Bf4 Ne4 11. Bxd6 Nxd6 12. b4 Nd7 13. b5 Nf6 14. bxc6 bxc6 15. Qa4 Bd7 16. e3 Nfe4 17. Qc2 h5 18. Nf4 Be8 19. f3 Ng5 20. Rfe1 Bf7 21. Na4 Nc4 22. Qxf5 Nd2 23. Kf2 Nxb1 24. Rxb1 Rab8 25. h4 Rxb1 26. Qxb1 Ne6 27. Nxe6 Bxe6 28. Qg6 Qf7 29. Qc2 Bf5 30. Qc1 Be4 31. f4 Bf5 32. Qxc6 Be4 33. Nc5 Bxg2 34. Kxg2 Re8 35. Kf2 Kh8 36. Nd3 Qe6 37. Qxe6 Rxe6 38. Nc5 Rb6 39. Kf3 Rb2 40. a4 Rb4 41. f5 Kg8 42. Kf4 Kf7 43. Ke5 Rb6 44. Kxd5 g6 45. Nd7 Ra6 46. fxg6+ Kxg6 47. Nc5 Rb6 48. e4 Kf7 49. e5 Rg6 50. e6+ Ke7 51. Kc6 Rg8 52. a5 Rd8 53. Kb7 Rxd4 54. Kxa7 Kd6 55. Nb7+ Kc7 56. a6 Re4 57. Nc5 Re5 58. Nd3 Rxe6 59. Nf4 Re5 60. Nd3 Re3 1/2-1/2

[Event "CZE-chT2e 0405"]
[Site "Czech Republic"]
[Date "2005.02.20"]
[Round "8.4"]
[White "Sveda, Jiri"]
[Black "Brazdil, Roman"]
[Result "0-1"]
[WhiteElo "1972"]
[BlackElo "2217"]
[PlyCount "65"]
[EventDate "2004.10.17"]
[EventType "team"]
[EventRounds "11"]
[EventCountry "CZE"]
[SourceTitle "EXT 2007"]
[Source "ChessBase"]
[SourceDate "2006.11.23"]
[SourceVersion "1"]
[SourceVersionDate "2006.11.23"]
[SourceQuality "1"]

1. e4 Nf6 2. e5 Nd5 3. d4 Nb6 4. c4 d6 5. exd6 cxd6 6. h3 g6 7. Nf3 Bg7 8. Nc3 0-0 9. Be3 Nc6 10. Rc1 Bf5 11. d5 Ne5 12. Nxe5 Bxe5 13. Bd3 Qd7 14. Bxb6 axb6 15. a3 Rfc8 16. g4 Bxd3 17. Qxd3 b5 18. Nd1 Rc7 19. 0-0 Qc8 20. f4 Bg7 21. f5 Rxc4 22. Rxc4 Qxc4 23. Qxc4 bxc4 24. fxg6 hxg6 25. Rf3 Ra5 26. Ne3 Bxb2 27. Nxc4 Bd4+ 28. Kg2 Rc5 29. Ne3 b5 30. h4 Kg7 31. g5 Rc3 32. Ng4 Rxf3 33. Kxf3 0-1

[Event "CZE-chT2e 0405"]
[Site "Czech Republic"]
[Date "2004.11.21"]
[Round "3.4"]
[White "Sveda, Jiri"]
[Black "Zilka, Stepan"]
[Result "0-1"]
[WhiteElo "1972"]
[BlackElo "2295"]
[PlyCount "80"]
[EventDate "2004.10.17"]
[EventType "team"]
[EventRounds "11"]
[EventCountry "CZE"]
[SourceTitle "EXT 2007"]
[Source "ChessBase"]
[SourceDate "2006.11.23"]
[SourceVersion "1"]
[SourceVersionDate "2006.11.23"]
[SourceQuality "1"]

1. e4 c5 2. Nf3 Nc6 3. d3 e5 4. g3 Nge7 5. Bg2 g6 6. c3 Bg7 7. 0-0 0-0 8. Be3 b6 9. Re1 d6 10. Nbd2 h6 11. Nf1 Bg4 12. Qd2 Kh7 13. h3 Bd7 14. d4 Qc7 15. Rad1 Rad8 16. d5 Na5 17. b3 f5 18. N3h2 fxe4 19. g4 Rf7 20. Bxe4 Rdf8 21. Ng3 Nb7 22. c4 Nd8 23. h4 Kg8 24. Rf1 Qc8 25. f3 Rf4 26. Qd3 h5 27. Bxf4 exf4 28. Ne2 hxg4 29. fxg4 Bxg4 30. Bf3 Bh3 31. Rf2 Nf7 32. Be4 Ne5 33. Qd2 f3 34. Nf4 Bf5 35. Bxf3 Nxf3+ 36. Rxf3 Bg4 37. Re1 Bxf3 38. Rxe7 Bd4+ 39. Kf1 Rxf4 40. Qxf4 Qh3+ 0-1

[Event "CZE-chT2e 0405"]
[Site "Czech Republic"]
[Date "2004.10.17"]
[Round "1.4"]
[White "Sveda, Jiri"]
[Black "Rachunek, Martin"]
[Result "0-1"]
[WhiteElo "1972"]
[BlackElo "2071"]
[PlyCount "134"]
[EventDate "2004.10.17"]
[EventType "team"]
[EventRounds "11"]
[EventCountry "CZE"]
[SourceTitle "EXT 2007"]
[Source "ChessBase"]
[SourceDate "2006.11.23"]
[SourceVersion "1"]
[SourceVersionDate "2006.11.23"]
[SourceQuality "1"]

1. e4 c5 2. Nf3 Nc6 3. d3 e6 4. g3 Nf6 5. Bg2 d5 6. e5 Nd7 7. Bf4 Be7 8. 0-0 g5 9. Bd2 Ndxe5 10. Nxg5 Bxg5 11. f4 Bf6 12. fxe5 Nxe5 13. Qh5 Ng6 14. c3 0-0 15. Bh6 Bg7 16. Nd2 Bd7 17. Rf2 Rb8 18. h4 Qe7 19. Raf1 f6 20. Be3 Ne5 21. Qe2 Rbc8 22. d4 cxd4 23. Bxd4 Nc6 24. Be3 Qd6 25. Kh2 f5 26. Rd1 Ne5 27. Bh3 Qc6 28. Bd4 Qd6 29. Re1 Nc6 30. Bxg7 Kxg7 31. Qh5 Rf6 32. Nf3 h6 33. Nd4 Nxd4 34. cxd4 Rg6 35. Qf3 Qb4 36. Qe3 Kf7 37. g4 Qd6+ 38. Kh1 Rf6 39. Ref1 Bb5 40. Rg1 f4 41. Qe5 Ke7 42. g5 hxg5 43. Qxg5 Rcf8 44. Re1 Kd7 45. Re5 Kc6 46. Rf3 a6 47. h5 Qd7 48. Qg1 Kb6 49. Qe1 Re8 50. Qd2 Qf7 51. Qb4 Ka7 52. a4 Bc6 53. Qc5+ Ka8 54. b3 Rh6 55. Bf1 Rxh5+ 56. Rxh5 Qxh5+ 57. Rh3 Qf5 58. Kh2 f3 59. Qc1 Rg8 60. Qh6 Qg4 61. Qe3 Rf8 62. Qf2 Qf4+ 63. Qg3 Qd2+ 64. Kh1 Qxd4 65. Rh7 f2 66. Kg2 Qe4+ 67. Kh2 Qxh7+ 0-1